Berliner Stadtbezirke - Statistiken

Allgemein
  • Dieses Quiz wurde 598 mal gespielt
  • Das Durchschnittsergebnis liegt bei 8 aus 12
Antwortstatistiken
Fläche (km²) Einwohner Antwort % Korrekt
39,47 356.506 Mitte
89%
20,34 275.691 Friedrichshain-Kreuzberg
85%
64,72 326.354 Charlottenburg-Wilmersdorf
80%
91,87 230.419 Spandau
74%
44,93 325.716 Neukölln
72%
61,78 256.173 Marzahn-Hellersdorf
71%
103,07 384.367 Pankow
69%
53,10 335.767 Tempelhof-Schöneberg
63%
168,42 249.440 Treptow-Köpenick
61%
102,56 299.268 Steglitz-Zehlendorf
53%
89,31 254.000 Reinickendorf
48%
52,12 268.465 Lichtenberg
47%
Keine übereinstimmenden Quizze gefunden
Verteilung der Resultate
Anzahl Personen mit jedem Resultat
Perzentil nach korrekt beantworteten Fragen
Ihre Resultats-Entwicklung
Sie haben dieses Quiz noch nicht gespielt